| 000 | 02445nam a2200265 i 4500 | ||
|---|---|---|---|
| 001 | 79591 | ||
| 003 | ES-MaACL | ||
| 005 | 20230907172349.0 | ||
| 007 | t| | ||
| 008 | 041022m19341957sp ||||1| spa d | ||
| 100 | 1 |
_aHerrera y Tordesillas, Antonio de. _963252 |
|
| 245 | 1 | 0 |
_aHistoria general de los hechos de los castellanos en las islas y tierra firme del mar océano / _cescrita por Antonio de Herrera ; [prólogo y notas de Antonio Ballesteros Beretta, Miguel Gómez del Campillo, Angel de Altolaguir]. |
| 260 |
_aMadrid : _bAcademia de la Historia, _c1934-1957 ( _fTip. de Archivos) |
||
| 300 |
_a11 v. ; _c26 cm. |
||
| 500 | _aSon 17 v., faltan VI al XI. | ||
| 505 | 8 | _aI. Descripción de las Indias Occidentales / con prólogo y notas de Antonio Ballesteros-Beretta II. Decada primera. Libro primero / con notas de Angel Altolagirre y Duvale III. Decada primera. Libro sexto / con Notas de Angel de Altolagirre y Duvale IV. Década segunda. Libro primero / con notas de Antonio Ballesteros-Beretta V. Decada segunda. Libro Quinto / con notas de Antonio Ballesteros-Beretta VI. Década tercera. Libro primero / con notas de Angel González Palencia VII. Década tercera. Libro quinto / con notas de Miguel Gómez del Campillo VIII. Década cuarta. Libro primero / con notas de Miguel Gómez del Campillo IX. Década cuarta. Libro séptimo / con notas de Miguel Gómez del Campillo X. Década quinta. Libro primero / con notas de Miguel Gómez del Campillo XI. Década quinta. Libro sexto / con notas de Miguel Gómez del Campillo XII. Década sexta. Libro primero / con notas de Miguel Gómez del Campillo XIII. Década sexta. Libro sexto / con notas de Miguel Gómez del Campillo XIV. Década septima. Libro primero / con notas de Miguel Gómez del Campillo XV. Década séptima. Libro séptimo / con notas de Miguel Gómez del Campillo XVI. Década octava. Libro primero / con notas de Miguel Gómez del Campillo XVII. Década octava. Libro sexto / con notas de Miguel Gómez de Campillo | |
| 600 | 1 | 4 |
_aColón, Cristóbal. _939869 |
| 651 | 4 |
_aAmérica- _xDescubrimientos y exploraciones- _xEspañoles. _9138324 |
|
| 700 | 1 |
_aBallesteros Beretta, Antonio, _d1880-1949 _925050 |
|
| 700 | 1 |
_aGómez del Campillo, Miguel. _957928 |
|
| 700 | 1 |
_aAltolaguirre y Duvale, Ángel de, _d1857-1939 _920559 |
|
| 710 | 2 |
_aReal Academia de la Historia (España) _96309 |
|
| 852 |
_aES-MaACL _jP-12 _bR.90782 |
||
| 999 |
_c79591 _d79591 |
||